000 00563nam a2200217 a 4500
005 20140310183353.0
008 121206s19uu xx 00 eng d
020 _a9789381421390
050 _aQR 46
_b.Si617 2012
100 _aSingh, Sujay
245 _aImmunology and microbiology /
_cSujay Singh.
250 _a1st ed.
260 _aNew Delhi, India :
_bRandom Pub,
_c2012.
300 _a272 p. :
_c23 cm.
500 _aIncludes index
521 _aNUR
650 _aMicrobiology
650 _aImmunology
942 _cBK
_2lcc
_kFOR
999 _c22157
_d22157